000 00443nam a2200169Ia 4500
003 LK-CoDNM
005 20230923114323.0
008 010623t1928 xxu||||| |||| 00| 1 fra d
040 _aLK-CoDNM
_dLK-CoDNM
_eLK-CoDNM
041 _afra
080 _a12 DD27
100 _aHirsch,G.C.
245 _aIndex Biologorum : Investigatores Laboratoria Periodica
260 _bJulius Springer
_aBerlin
_c1928
300 _bv,545p., 21 cm
942 _cBK
999 _c94299
_d94299